000 00289nam a22001457a 4500
003 SGT
082 _a612
_bH85C
100 _aCHATTERJEE, C.C
245 _aHUMAN PHYSIOLOGY
250 _a11TH
260 _aDELHI
_bCBS PUB
_c1985
300 _a704
650 _aPHYSIOLOGY
942 _2ddc
_cBK
999 _c8514
_d8514